<?xml version="1.0" encoding="UTF-8"?><?xml-stylesheet type="text/xsl" href="static/style.xsl"?><OAI-PMH xmlns="http://www.openarchives.org/OAI/2.0/" xmlns:xsi="http://www.w3.org/2001/XMLSchema-instance" xsi:schemaLocation="http://www.openarchives.org/OAI/2.0/ http://www.openarchives.org/OAI/2.0/OAI-PMH.xsd"><responseDate>2026-06-05T20:40:37Z</responseDate><request verb="GetRecord" identifier="oai:riuma.uma.es:10630/24446" metadataPrefix="marc">https://riuma.uma.es/rest/oai/request</request><GetRecord><record><header><identifier>oai:riuma.uma.es:10630/24446</identifier><datestamp>2026-02-03T11:14:03Z</datestamp><setSpec>com_10630_2254</setSpec><setSpec>col_10630_37953</setSpec></header><metadata><record xmlns="http://www.loc.gov/MARC21/slim" xmlns:dcterms="http://purl.org/dc/terms/" xmlns:doc="http://www.lyncode.com/xoai" xmlns:xsi="http://www.w3.org/2001/XMLSchema-instance" xsi:schemaLocation="http://www.loc.gov/MARC21/slim http://www.loc.gov/standards/marcxml/schema/MARC21slim.xsd">
   <leader>00925njm 22002777a 4500</leader>
   <datafield ind2=" " ind1=" " tag="042">
      <subfield code="a">dc</subfield>
   </datafield>
   <datafield ind2=" " ind1=" " tag="720">
      <subfield code="a">Fernández-Gámez, Manuel Ángel</subfield>
      <subfield code="e">author</subfield>
   </datafield>
   <datafield ind2=" " ind1=" " tag="720">
      <subfield code="a">Valcarce-Ruiz, Lucía</subfield>
      <subfield code="e">author</subfield>
   </datafield>
   <datafield ind2=" " ind1=" " tag="720">
      <subfield code="a">Becerra-Vicario, Rafael</subfield>
      <subfield code="e">author</subfield>
   </datafield>
   <datafield ind2=" " ind1=" " tag="720">
      <subfield code="a">Diéguez-Soto, Julio</subfield>
      <subfield code="e">author</subfield>
   </datafield>
   <datafield ind2=" " ind1=" " tag="260">
      <subfield code="c">2022-06</subfield>
   </datafield>
   <datafield ind2=" " ind1=" " tag="520">
      <subfield code="a">This study presents a dynamic model for the management of a cruise port, simulating the behavior of the system&#xd;
under different scenarios for the period 2015–2025. The proposed management system considers the factors that&#xd;
determine the demand and supply of cruise passengers and the existing relationships between them, which has&#xd;
allowed simulations to be carried out using System Dynamics (SD) modelling. With information referring to the&#xd;
case Malaga’s cruise port (Spain), the results show future scenarios in which the flow of cruise passengers is&#xd;
conditioned both by the effects of COVID-19 and by the tourism and macroeconomic environment. The results&#xd;
also suggest that SD modelling is a tool that can be used to support decision-making in cruise port management&#xd;
by helping to identify strategies that guarantee the sustainability of the system.</subfield>
   </datafield>
   <datafield ind1="8" ind2=" " tag="024">
      <subfield code="a">M.A. Fernández-Gámez, L. Valcarce-Ruiz, R. Becerra-Vicario, J. Diéguez-Soto, A dynamic modelling approach to manage the cruise port of call, Research in Transportation Business &amp; Management, Volume 43, 2022, 100818, ISSN 2210-5395, https://doi.org/10.1016/j.rtbm.2022.100818</subfield>
   </datafield>
   <datafield ind1="8" ind2=" " tag="024">
      <subfield code="a">https://hdl.handle.net/10630/24446</subfield>
   </datafield>
   <datafield ind1="8" ind2=" " tag="024">
      <subfield code="a">https://doi.org/10.1016/j.rtbm.2022.100818</subfield>
   </datafield>
   <datafield tag="653" ind2=" " ind1=" ">
      <subfield code="a">Puertos</subfield>
   </datafield>
   <datafield ind2="0" ind1="0" tag="245">
      <subfield code="a">A dynamic modelling approach to manage the cruise port of call</subfield>
   </datafield>
</record>
</metadata></record></GetRecord></OAI-PMH>